000 nam a22 7a 4500
999 _c15258
_d15258
008 161028b xxu||||| |||| 00| 0 eng d
020 _a0871202697
050 _aLB 1025.3 .D35 1996
100 _aDanielson, Charlotte
245 _aEnhancing Professional Practice:
_ba framework for teaching/
260 _aAlexandria, Virginia:
_bASCD,
_c1996
300 _axii, 140p. :
_bill. ;
_ccm
500 _aIncludes bibliographical references.
650 _aTeaching.
650 _aClassroom environment.
650 _aEducational planning.
942 _2lcc
_cBOOKS
_hLB 1025.3 .D35 1996